Addressing HIV/AIDS in east Asia and the pacific

Na minha lista:
Detalhes bibliográficos
Autor Corporativo: Human Development Network
Formato: Livro
Idioma:Undetermined
Publicado em: Washington, D. C. The World Bank 2004
Assuntos:
Tags: Adicionar Tag
Sem tags, seja o primeiro a adicionar uma tag!
Thư viện lưu trữ: Trung tâm Học liệu Trường Đại học Cần Thơ
LEADER 00592nam a2200193Ia 4500
001 CTU_68944
008 210402s9999 xx 000 0 und d
082 |a 616.9792 
082 |b H918 
110 |a Human Development Network 
245 0 |a Addressing HIV/AIDS in east Asia and the pacific 
245 0 |c Human Development Network 
260 |a Washington, D. C. 
260 |b The World Bank 
260 |c 2004 
650 |a Aids,Communicable diseases,Infectious diseases 
650 |z East asia,Pacific area 
904 |i Mai Loan 
980 |a Trung tâm Học liệu Trường Đại học Cần Thơ